| 000 | 00686nam a2200193Ia 4500 | ||
|---|---|---|---|
| 003 | IN-BaIIA | ||
| 008 | 211028s9999 xx 000 0 eng d | ||
| 040 | _cIIA Library | ||
| 080 |
_a083.8(520.82) _bBEC |
||
| 100 |
_aBecker, W _914663 |
||
| 245 | 0 |
_aKataloge photographischer und photoelektrischer helligkeiten von 25 galaktischen sternhaufen im RGU- und UcBV-System _cW. Becker, S. N. Svolopoulos and Ch. Fang |
|
| 260 |
_aBasel _bAstronomisches Institut der Universitat Basel _c1976 |
||
| 300 | _a89p. | ||
| 650 | _aAstronomy and Astrophysics Thesaurus | ||
| 650 |
_aCatalogue-Photometry _914664 |
||
| 700 |
_aFang, Ch. _914665 |
||
| 700 |
_aSvolopoulos, S. N. _914666 |
||
| 942 | _cBK | ||
| 999 |
_c8732 _d8732 |
||